Оформление технологической документации: учебное пособие
| Autor Principal: | |
|---|---|
| Autor Corporativo: | |
| Outros autores: | |
| Summary: | Заглавие с титульного экрана В пособии приведены основные требования, предъявляемые к оформлению технологической документации. Описаны основные принципы нормирования операций как при расчёте с использованием таблиц норм времени, так и при использовании средств автоматизации, на примере программного комплекса SprutТП. Предназначено для студентов, обучающихся по направлению 15.03.01 «Машиностроение», профилю подготовки «Оборудование и технология сварочного производства». Режим доступа: из корпоративной сети ТПУ |
| Idioma: | ruso |
| Publicado: |
Томск, Изд-во ТПУ, 2020
|
| Subjects: | |
| Acceso en liña: | https://www.lib.tpu.ru/fulltext2/m/2020/m050.pdf |
| Formato: | MixedMaterials Electrónico Libro |
| KOHA link: | https://koha.lib.tpu.ru/cgi-bin/koha/opac-detail.pl?biblionumber=345259 |
MARC
| LEADER | 00000nlm0a2200000 4500 | ||
|---|---|---|---|
| 001 | 345259 | ||
| 005 | 20240207161726.0 | ||
| 035 | |a (RuTPU)RU\TPU\book\377096 | ||
| 035 | |a RU\TPU\book\314014 | ||
| 090 | |a 345259 | ||
| 100 | |a 20201019d2020 m y0rusy50 ca | ||
| 101 | 0 | |a rus | |
| 102 | |a RU | ||
| 105 | |a a j 000zy | ||
| 135 | |a drcn ---uucaa | ||
| 181 | 0 | |a i | |
| 182 | 0 | |a b | |
| 200 | 1 | |a Оформление технологической документации |e учебное пособие |f А. В. Крюков, Д. П. Ильященко |g Национальный исследовательский Томский политехнический университет, Юргинский технологический институт | |
| 203 | |a Текст |c электронный | ||
| 210 | |a Томск |c Изд-во ТПУ |d 2020 | ||
| 300 | |a Заглавие с титульного экрана | ||
| 330 | |a В пособии приведены основные требования, предъявляемые к оформлению технологической документации. Описаны основные принципы нормирования операций как при расчёте с использованием таблиц норм времени, так и при использовании средств автоматизации, на примере программного комплекса SprutТП. Предназначено для студентов, обучающихся по направлению 15.03.01 «Машиностроение», профилю подготовки «Оборудование и технология сварочного производства». | ||
| 333 | |a Режим доступа: из корпоративной сети ТПУ | ||
| 606 | 1 | |a Техническая документация |x Составление |x Автоматизация |2 stltpush |3 (RuTPU)RU\TPU\subj\60047 |9 77537 | |
| 610 | 1 | |a электронный ресурс | |
| 610 | 1 | |a учебные пособия | |
| 610 | 1 | |a нормирование | |
| 610 | 1 | |a СПРУТ-ТП | |
| 610 | 1 | |a Sprut ТП | |
| 610 | 1 | |a технологическая документация | |
| 610 | 1 | |a технологические документы | |
| 675 | |a 658.512(075.8) |v 4 | ||
| 700 | 1 | |a Крюков |b А. В. |c специалист в области сварочного производства |c доцент Юргинского технологического института (филиала) Томского политехнического университета, кандидат технических наук |f 1979- |g Артем Викторович |3 (RuTPU)RU\TPU\pers\24492 |9 10815 | |
| 701 | 1 | |a Ильященко |b Д. П. |c специалист в области сварочного производства |c доцент Юргинского технологического института (филиала) Томского политехнического университета, кандидат технических наук |f 1980- |g Дмитрий Павлович |3 (RuTPU)RU\TPU\pers\25915 |9 11766 | |
| 712 | 0 | 2 | |a Национальный исследовательский Томский политехнический университет |b Юргинский технологический институт |c (2009- ) |3 (RuTPU)RU\TPU\col\15903 |
| 801 | 1 | |a RU |b 63413507 |c 20131024 | |
| 801 | 2 | |a RU |b 63413507 |c 20210421 |g RCR | |
| 856 | 4 | |u https://www.lib.tpu.ru/fulltext2/m/2020/m050.pdf | |
| 942 | |c CF | ||